The Structure of polyisoprenes. Part V. Ultra-violet absorption spectra of certain carbalkoxy-substituted1,5-diened, and the charge-resonance spectra of glutaconic ester enolate ions (The British Rubber Producers' Research Association, Publication No.58) (Record no. 46268)

MARC details
000 -LEADER
fixed length control field 00534nam a2200121Ia 4500
100 ## - MAIN ENTRY--AUTHOR NAME
Personal name Bateman L
245 #4 - TITLE STATEMENT
Title The Structure of polyisoprenes. Part V. Ultra-violet absorption spectra of certain carbalkoxy-substituted1,5-diened, and the charge-resonance spectra of glutaconic ester enolate ions (The British Rubber Producers' Research Association, Publication No.58)
260 ## - PUBLICATION, DISTRIBUTION, ETC. (IMPRINT)
Name of publisher Journal of the Chemical Society, 1945
Year of publication 1945
300 ## - PHYSICAL DESCRIPTION
Number of Pages 216-222
700 ## - ADDED ENTRY--PERSONAL NAME
Personal name Koch H.P.
942 ## - ADDED ENTRY ELEMENTS (KOHA)
Koha item type Reprints
Holdings
Withdrawn status Lost status Damaged status Not for loan Home library Current library Date acquired Koha item type
      Reprints RRII Library RRII Library 22/12/2021 Reprints